Principles of public economics : (Registro nro. 4770)

Detalles MARC
000 -LEADER
fixed length control field 01840nam a2200253Ia 4500
003 - CONTROL NUMBER IDENTIFIER
control field OSt
005 - DATE AND TIME OF LATEST TRANSACTION
control field 20200702111808.0
008 - FIXED-LENGTH DATA ELEMENTS--GENERAL INFORMATION
fixed length control field 191128s2010 eu ad fr 000 0 eng d
020 ## - INTERNATIONAL STANDARD BOOK NUMBER
International Standard Book Number 9781858986739
040 ## - CATALOGING SOURCE
Original cataloging agency CO-JMCR
Transcribing agency CO-JMCR
041 0# - LANGUAGE CODE
Language code of text/sound track or separate title eng
082 04 - DEWEY DECIMAL CLASSIFICATION NUMBER
Classification number 336.01 /
Item number F677p
Edition number 23
100 1# - MAIN ENTRY--PERSONAL NAME
Personal name Forte, Francesco,
Relator term autor
9 (RLIN) 6453
245 10 - TITLE STATEMENT
Title Principles of public economics :
Remainder of title a public choice approach /
Statement of responsibility, etc. Francesco Forte
260 ## - PUBLICATION, DISTRIBUTION, ETC.
Place of publication, distribution, etc. Massachusetts :
Name of publisher, distributor, etc. Edward Elgar,
Date of publication, distribution, etc. 2010
300 ## - PHYSICAL DESCRIPTION
Extent x, 497 páginas :
Other physical details gráficas a blanco y negro ;
Dimensions 23 cm.
505 0# - FORMATTED CONTENTS NOTE
Formatted contents note Decision-marking processes and the structures of públic finance -- individual and Colletive walfare -- public wants and public goods -- Bureaucracy and interest grups
520 3# - SUMMARY, ETC.
Summary, etc. El libro de Francesco Forte se encuadra en una gran tradición de tratados magistrales de economía política en los que se ofrece a los lectores una presentación relativa o amigable del material estándar, como en los libros de texto, y análisis y pensamientos profundos desarrollados en el transcurso del tiempo o para el propósito del propio autor. Una fortaleza particular del análisis es la forma en que combina una perspectiva moderna sobre la economía pública, entendida en términos generales, y la continuidad con las contribuciones de académicos del pasado. Esto es especialmente importante con respecto a la tradición italiana, cuya reputación se debe mucho a su descubrimiento, en una etapa temprana de su pensamiento, por James Buchanan. La intimidad de Forte con el trabajo de muchos de los autores que pertenecen a esa tradición le permite demostrar de muchas maneras su relevancia continua .'-- Pierre Salmon.
546 ## - LANGUAGE NOTE
Language note Inglés
650 14 - SUBJECT ADDED ENTRY--TOPICAL TERM
Topical term or geographic name entry element Mercado
9 (RLIN) 6454
650 14 - SUBJECT ADDED ENTRY--TOPICAL TERM
Topical term or geographic name entry element Finanzas públicas
9 (RLIN) 6402
650 14 - SUBJECT ADDED ENTRY--TOPICAL TERM
Topical term or geographic name entry element Bienes públicos
9 (RLIN) 6455
942 ## - ADDED ENTRY ELEMENTS (KOHA)
Source of classification or shelving scheme Dewey Decimal Classification
Koha item type Books
Existencias
Withdrawn status Lost status Source of classification or shelving scheme Damaged status Not for loan Collection code Home library Current library Date acquired Source of acquisition Cost, normal purchase price Total Checkouts Full call number Barcode Date last seen Copy number Koha item type
    Dewey Decimal Classification     Non-fiction Biblioteca Pública José María del Castillo y Rada Biblioteca Pública José María del Castillo y Rada 04/15/2018 Donación 0.00   336.01 / F677p 430000341 05/16/2024 Ej.1 Books